01103nam a22002057a 450000500170000000800410001702000180005805000220007610000330009824500840013126000320021530000330024733600100028033700150029033800120030550400400031750504710035765000350082865000340086320231102151923.0160421s2012 mx a|||f |||| 00| 0 spa d a9786071713490 aNA1996 bQ85 20121 aQuijano Valdez, JorgeeAutor10aArquitectura y administración b : temas de fronterac / Jorge Quijano Valdez3 aMéxico :bTrillas, c2012 a126 páginasbIlustraciones aTexto aSin medio  aVolumen aContiene bibliografía pp. 119-1201 aContenido Prólogo Proemio Prefacio Cap. 1. Bases de la relación interdisciplinaria de la Administración y la Arquitectura Cap. 2. Modelos de la Administración en la Arquitectura Cap.3. Etapas específicas de la Administración en los procesos productivos de lo arquitectónico Cap. 4. Servicios profesionales y/o empresariales del arquitecto Cap. 5. El liderazgo en la Arquitectura Conclusiones Índice analítico 14aARQUITECTURAxADMINISTRACIÓN24aMERCADOTECNIA EN ARQUITECTURA